LEADER 01204nam 2200289 450 001 996710278503316 005 20260224112323.0 100 $a20260224d1986----km y0itay5003 ba 101 0 $aita 102 $aIT 105 $ay 00 y 200 1 $aProfili costituzionali dell'accesso all'abitazione in cooperativa edilizia e degenerazioni speculative nella mutualità abitativa$fErnesto Capobianco 210 $aNapoli$cEdizioni scientifiche italiane$d1986 215 $a260-265 p.$d24 cm 300 $aTitolo della copertina 300 $aEstratto da: Diritto all'abitazione, finanziamenti all'impresa, alla cooperazione, alla persona / a cura di Giovanni Tatarano,Napoi : Edizioni scientifiche italiane, 1986 606 0 $aDiritto di abitazione$yItalia$2BNCF 606 $aCooperative edilizie$yItalia$2BNCF 676 $a346.450436 700 1$aCAPOBIANCO,$bErnesto$076429 801 0$aIT$bcba$gREICAT 912 $a996710278503316 951 $aXVI.7.Misc. 2446$b2503 FBUO$cXVI.7.Misc. 959 $aBK 969 $aFBUO 996 $aProfili costituzionali dell'accesso all'abitazione in cooperativa edilizia e degenerazioni speculative nella mutualità abitativa$94544808 997 $aUNISA